Quality management : (Record no. 26)

MARC details
000 -LEADER
fixed length control field 01057nam a2200289 a 4500
001 - CONTROL NUMBER
control field 26
005 - DATE AND TIME OF LATEST TRANSACTION
control field 20221127085833.0
008 - FIXED-LENGTH DATA ELEMENTS--GENERAL INFORMATION
fixed length control field 050920s lxxua | 00100 eng d
020 ## - INTERNATIONAL STANDARD BOOK NUMBER
International Standard Book Number 0256106657(hpb) :
Terms of availability SR136.00
035 ## - SYSTEM CONTROL NUMBER
System control number 35
082 04 - DEWEY DECIMAL CLASSIFICATION NUMBER
Classification number 658.4013
Item number G428 1995
100 1# - MAIN ENTRY--PERSONAL NAME
Personal name Gitlow, Howard S.
245 10 - TITLE STATEMENT
Title Quality management :
Remainder of title tools and methods for improvement /
Statement of responsibility, etc. Howard Gitlow, Alan Oppenheim, Rosa Oppenheim.
246 0# - VARYING FORM OF TITLE
Title proper/short title Tools methods for the improvement of quality.
250 ## - EDITION STATEMENT
Edition statement 2nd ed.
260 ## - PUBLICATION, DISTRIBUTION, ETC.
Place of publication, distribution, etc. Boston, Mass. :
Name of publisher, distributor, etc. McGraw-Hill,
Date of publication, distribution, etc. 1995.
300 ## - PHYSICAL DESCRIPTION
Extent xix, 508 p. :
Other physical details ill. ;
Dimensions 24 cm.
440 #0 - SERIES STATEMENT/ADDED ENTRY--TITLE
Title McGraw-Hill/Irwin series in operations and decision sciences.
500 ## - GENERAL NOTE
General note Rev. ed. of: Tools methods for the improvement of quality. 1989
504 ## - BIBLIOGRAPHY, ETC. NOTE
Bibliography, etc. note Includes bibl. references and index.
650 #4 - SUBJECT ADDED ENTRY--TOPICAL TERM
Topical term or geographic name entry element Total quality management.
650 #4 - SUBJECT ADDED ENTRY--TOPICAL TERM
Topical term or geographic name entry element Quality control
General subdivision Standards.
650 #4 - SUBJECT ADDED ENTRY--TOPICAL TERM
Topical term or geographic name entry element Quality function development.
650 #4 - SUBJECT ADDED ENTRY--TOPICAL TERM
Topical term or geographic name entry element Product management.
700 0# - ADDED ENTRY--PERSONAL NAME
Personal name Oppenheim, Alan,
Relator term jt. author.
700 0# - ADDED ENTRY--PERSONAL NAME
Personal name Oppenheim, Rosa,
Relator term jt. author.
Holdings
Withdrawn status Lost status Source of classification or shelving scheme Damaged status Not for loan Home library Current library Date acquired Total Checkouts Full call number Barcode Date last seen Copy number Price effective from Koha item type
          CENTRAL CENTRAL 11/27/2022   658.4013 G428 1995 1000000001655 11/27/2022 C2 11/27/2022 Book
          KHOBAR KHOBAR 11/27/2022   658.4013 G428 1995 1000000001654 11/27/2022 C1 11/27/2022 Book